[Event "WYCC U16 Open 2013"]
[Site "Al-Ain UAE"]
[Date "2013.12.21"]
[Round "5.28"]
[White "Wagdy, Andro"]
[Black "Zakaryan, David"]
[Result "1-0"]
[WhiteTitle "FM"]
[WhiteElo "2109"]
[BlackElo "2196"]
[WhiteFideId "10604413"]
[BlackFideId "24101923"]
[EventDate "2013.12.18"]

1. d4 Nf6 2. Nf3 g6 3. g3 Bg7 4. Bg2 O-O 5. O-O d5 6. b3 c5 7. e3 Nc6 8. Bb2
cxd4 9. exd4 Bf5 10. c3 Ne4 11. Nbd2 Rc8 12. Nh4 e6 13. Nxe4 dxe4 14. Re1 Bf6
15. Nxf5 exf5 16. f3 exf3 17. Qxf3 Qd6 18. Rad1 Rfe8 19. Qf2 h5 20. Bc1 Kg7 21.
Bf4 Qd7 22. Kh1 Rxe1+ 23. Rxe1 h4 24. d5 hxg3 25. Qxg3 Na5 26. c4 b5 27. Be5 Qd8
28. c5 Rxc5 29. b4 Rxd5 30. Bxf6+ Kxf6 31. bxa5 Rd1 32. Qh4+ Kg7 33. Qxd8 Rxd8
34. a6 Rd2 35. Bf1 Rxa2 36. Bxb5 Ra5 37. Bf1 Kf8 38. Rb1 Re5 39. Rb7 Re7 40. Bb5
f6 41. Bd7 Re1+ 42. Kg2 Re2+ 43. Kg1 f4 44. Rxa7 f3 45. Rb7 Rg2+ 46. Kf1 Ra2 47.
a7 Ke7 48. Ba4+ 1-0

[Event "WYCC U16 Open 2013"]
[Site "Al-Ain UAE"]
[Date "2013.12.21"]
[Round "5.29"]
[White "Khodashenas, Mersad"]
[Black "Aleksanyan, Hrant"]
[Result "1-0"]
[WhiteElo "2182"]
[BlackElo "1981"]
[WhiteFideId "12514195"]
[BlackFideId "13306634"]
[EventDate "2013.12.18"]

1. e4 c5 2. Nf3 e6 3. d4 cxd4 4. Nxd4 a6 5. Nc3 Qc7 6. f4 d6 7. Bd3 Nf6 8. Qe2
Nbd7 9. O-O Be7 10. Kh1 O-O 11. Bd2 Nc5 12. Nb3 Nxd3 13. cxd3 b5 14. Rac1 Qd7
15. Na5 Bb7 16. f5 Rae8 17. Nxb7 Qxb7 18. Qf3 b4 19. Ne2 e5 20. g4 h6 21. g5
hxg5 22. Bxg5 d5 23. Qg2 Rc8 24. Bh6 Ne8 25. Rxc8 Qxc8 26. f6 Bxf6 27. Rxf6 Kh7
28. exd5 gxh6 29. Qe4+ Kg7 30. Rc6 Qd8 31. Qxe5+ Kg8 32. Ng3 f6 33. Qe6+ Kh8 34.
Nf5 Nc7 35. Qd6 Nxd5 36. Nxh6 Qxd6 37. Rxd6 Ne3 38. Re6 Nd1 39. d4 Kh7 40. Nf5
Kg6 41. Ng3 Rd8 42. Ne2 a5 43. Kg2 Nxb2 44. Kf3 Rb8 45. Nf4+ Kf7 46. Ra6 a4 47.
Ra7+ Ke8 48. h4 b3 49. axb3 axb3 50. h5 Nc4 51. h6 Nd6 52. Ng6 Rb5 53. h7 Rh5
54. h8=Q+ Rxh8 55. Nxh8 b2 56. Ra8+ Kd7 57. Rb8 Nc4 58. Ke2 Kc6 59. Kd3 1-0

[Event "WYCC U16 Open 2013"]
[Site "Al-Ain UAE"]
[Date "2013.12.21"]
[Round "5.30"]
[White "Chandran, Kapil"]
[Black "Sultan, Ibrahim"]
[Result "0-1"]
[WhiteElo "2171"]
[BlackElo "1954"]
[WhiteFideId "2034077"]
[BlackFideId "9301143"]
[EventDate "2013.12.18"]

1. e4 e6 2. d4 d5 3. Nc3 Nf6 4. Bg5 dxe4 5. Nxe4 Nbd7 6. Nf3 Be7 7. Nxf6+ Bxf6
8. h4 a6 9. Qd2 b5 10. O-O-O Bb7 11. Qe3 Bxf3 12. gxf3 Nb6 13. Qd2 Qe7 14. Bd3
Nd5 15. f4 O-O 16. f5 c5 17. dxc5 Qxc5 18. Rhg1 Bc3 19. Qe2 Qb4 20. Rdf1 Bxb2+ 0-1

[Event "WYCC U16 Open 2013"]
[Site "Al-Ain UAE"]
[Date "2013.12.21"]
[Round "5.32"]
[White "Micottis, Dorian"]
[Black "Repka, Christopher"]
[Result "0-1"]
[WhiteElo "2097"]
[BlackElo "2391"]
[WhiteFideId "26021986"]
[BlackFideId "14918781"]
[EventDate "2013.12.18"]

1. Nf3 Nf6 2. g3 b6 3. Bg2 Bb7 4. d3 e6 5. e4 d5 6. e5 Nfd7 7. O-O c5 8. Re1 Nc6
9. c3 Be7 10. h4 Rc8 11. a4 h6 12. h5 O-O 13. Bf4 f5 14. exf6 Rxf6 15. Bh3 Nf8
16. d4 cxd4 17. cxd4 Bb4 18. Re3 Rxf4 19. gxf4 Qf6 20. f5 exf5 21. Nc3 Rd8 22.
Qb3 Qd6 23. Bxf5 Na5 24. Qc2 Nc4 25. Re2 Qf4 26. Kg2 Rd6 27. Bh3 Rf6 28. Qd3 g5
29. Nh2 Rc6 30. Nd1 Bd6 31. Ng4 Bc8 32. Qf3 Qxf3+ 33. Kxf3 Kg7 34. Nde3 Rc7 35.
Rc2 Rf7+ 36. Kg2 Ne6 37. Kh1 Nxd4 38. Nxc4 Nxc2 39. Nxd6 Nxa1 40. Nxc8 d4 41.
Kg2 d3 42. Ne3 Rf4 43. Nxa7 Nc2 44. Be6 Nxe3+ 45. fxe3 d2 46. Bb3 Rb4 47. Bd1
Rxb2 48. Kf2 g4 49. Nc8 g3+ 50. Kxg3 Rb1 51. Bf3 Rf1 52. Be2 Re1 53. Kf2 d1=Q
54. Bxd1 Rxd1 55. Nxb6 Kf6 56. Ke2 Ra1 57. Kd3 Kg5 58. Kd4 Kxh5 59. e4 Kg5 60.
Kd5 h5 61. e5 h4 62. e6 h3 0-1

[Event "WYCC U16 Open 2013"]
[Site "Al-Ain UAE"]
[Date "2013.12.21"]
[Round "5.33"]
[White "Ghvamberia, Nika"]
[Black "Lampert, Jonas"]
[Result "1/2-1/2"]
[WhiteElo "2086"]
[BlackElo "2378"]
[WhiteFideId "13602128"]
[BlackFideId "1303759"]
[EventDate "2013.12.18"]

1. e4 e5 2. Nf3 Nc6 3. Bb5 a6 4. Ba4 Nge7 5. O-O g6 6. c3 Bg7 7. d4 exd4 8. cxd4
b5 9. Bb3 O-O 10. Nc3 Na5 11. Bc2 d6 12. h3 c5 13. Bg5 h6 14. Bf4 cxd4 15. Nxd4
Bb7 16. Nce2 Rc8 17. b3 d5 18. e5 Nac6 19. Qd2 Kh7 20. Qe3 Nxd4 21. Nxd4 Nc6 22.
Rac1 Re8 23. Nxc6 Rxc6 24. Qd4 Qc7 25. Bd3 Bxe5 26. Rxc6 Bxc6 27. Bxe5 Qxe5 28.
Qb6 Re6 29. Rc1 Be8 30. Qb7 Kg7 31. Bf1 Rf6 32. Qa7 d4 33. Rc2 Bc6 34. Rd2 Rd6
35. Qxa6 Qe1 36. Qa5 Qe5 37. Qb4 Rd7 38. a4 bxa4 39. bxa4 Qd6 1/2-1/2

[Event "WYCC U16 Open 2013"]
[Site "Al-Ain UAE"]
[Date "2013.12.21"]
[Round "5.34"]
[White "Horton, Andrew P"]
[Black "Faizrakhmanov, Ramil"]
[Result "1-0"]
[BlackTitle "FM"]
[WhiteElo "2086"]
[BlackElo "2357"]
[WhiteFideId "424269"]
[BlackFideId "24103209"]
[EventDate "2013.12.18"]

1. Nf3 Nf6 2. c4 e6 3. g3 d5 4. Bg2 Be7 5. O-O O-O 6. b3 b6 7. Bb2 Bb7 8. e3 c5
9. Qe2 Na6 10. d3 Rc8 11. Nc3 Qd7 12. Rad1 Rfd8 13. a3 Nc7 14. Ne5 Qe8 15. f4
Ba8 16. g4 b5 17. g5 Nd7 18. Ng4 bxc4 19. dxc4 f5 20. gxf6 Nxf6 21. Kh1 Rb8 22.
Nb5 Nxb5 23. Nxf6+ Bxf6 24. Bxf6 gxf6 25. cxb5 Rxb5 26. f5 e5 27. Bxd5+ Rxd5 28.
Qg2+ Kh8 29. Rxd5 Qg8 30. e4 Bxd5 31. exd5 Qxg2+ 32. Kxg2 Rxb3 33. Rd1 c4 34. d6
Rb8 35. Kf3 Kg7 36. Ke4 Kf7 37. Kd5 c3 38. Rc1 Rb2 39. Rxc3 Rd2+ 40. Kc6 Rxh2
41. Kd7 Rd2 42. Rh3 e4 43. Rxh7+ Kf8 44. Re7 Re2 45. Re8+ Kf7 46. Re7+ Kf8 47.
Ke6 Rd2 48. Rf7+ Kg8 49. Rxf6 e3 50. Ke7 e2 51. Rg6+ Kh7 52. Re6 1-0

[Event "WYCC U16 Open 2013"]
[Site "Al-Ain UAE"]
[Date "2013.12.21"]
[Round "5.35"]
[White "Neagu, Mihai-Cosmin"]
[Black "Huber, Martin Christian"]
[Result "1/2-1/2"]
[WhiteElo "2069"]
[BlackElo "2290"]
[WhiteFideId "1205560"]
[BlackFideId "1623435"]
[EventDate "2013.12.18"]

1. Nf3 Nf6 2. c4 g6 3. Nc3 d5 4. cxd5 Nxd5 5. g3 Bg7 6. Bg2 c5 7. O-O O-O 8.
Nxd5 Qxd5 9. d3 Nc6 10. Be3 Bxb2 11. Nd4 Qd7 12. Nxc6 Bxa1 13. Qxa1 bxc6 14. Bh6
Qd4 15. Bxf8 Kxf8 16. Bxc6 Rb8 17. e3 Qxa1 18. Rxa1 Bf5 19. e4 Bg4 20. a4 Rb2
21. Rc1 Bf3 22. Bb5 e6 23. Kf1 Rd2 24. Ke1 Re2+ 25. Kf1 Rd2 26. Ke1 1/2-1/2

[Event "WYCC U16 Open 2013"]
[Site "Al-Ain UAE"]
[Date "2013.12.21"]
[Round "5.36"]
[White "Liu, Zhaoqi"]
[Black "Dale, Ari"]
[Result "1/2-1/2"]
[BlackTitle "IM"]
[WhiteElo "2061"]
[BlackElo "2289"]
[WhiteFideId "8609381"]
[BlackFideId "3213145"]
[EventDate "2013.12.18"]

1. d4 Nf6 2. c4 g6 3. Nc3 d5 4. cxd5 Nxd5 5. Bd2 Nb6 6. e3 Bg7 7. f4 O-O 8. Nf3
a5 9. Rc1 Na6 10. Na4 Nxa4 11. Qxa4 b6 12. Bxa6 Bxa6 13. Qc6 Ra7 14. Kf2 Qd6 15.
Ne5 Bxe5 16. fxe5 Qd8 17. Rhe1 Bb7 18. Qxc7 Qd5 19. Rg1 Qe4 20. Qxe7 f6 21. Kg3
Qf5 22. e4 Bxe4 23. Qxa7 h5 24. h3 h4+ 25. Kh2 Qf2 26. Rc3 Qxd2 27. Rc7 Qf4+ 28.
Kh1 g5 29. Rg7+ Kh8 30. Qe7 1/2-1/2

[Event "WYCC U16 Open 2013"]
[Site "Al-Ain UAE"]
[Date "2013.12.21"]
[Round "5.37"]
[White "Carneiro, Vitor Roberto Castro"]
[Black "Tominga, Eke"]
[Result "1/2-1/2"]
[WhiteTitle "CM"]
[WhiteElo "2277"]
[BlackElo "2064"]
[WhiteFideId "2130106"]
[BlackFideId "4503570"]
[EventDate "2013.12.18"]

1. c4 Nf6 2. g3 c6 3. Bg2 d5 4. Nf3 dxc4 5. O-O Nbd7 6. a4 a5 7. Na3 Nb6 8. Qc2
Be6 9. Ng5 Bg4 10. f3 Bh5 11. Nxc4 Nxc4 12. Qxc4 Qd5 13. Qxd5 Nxd5 14. d4 O-O-O
15. Bd2 Nb4 16. Bxb4 axb4 17. Rfd1 e5 18. e3 exd4 19. g4 Bg6 20. f4 h6 21. Nf3
Bc2 22. Rd2 d3 23. Nd4 Bc5 24. Nxc2 dxc2 25. Rxc2 Bxe3+ 26. Kf1 Rd4 27. Bf3 Rxf4
28. Kg2 Rd8 29. a5 c5 30. a6 bxa6 31. Rxa6 Rd3 32. Re2 c4 33. Rc2 Rd2+ 34. Rxd2
Bxd2 35. h3 c3 36. bxc3 bxc3 37. Bd5 Kd7 38. Bb3 Rb4 39. Bc2 Kc7 40. Ra7+ Rb7
41. Rxb7+ Kxb7 42. Kf3 Kc7 43. h4 g6 44. h5 gxh5 45. gxh5 Kd6 46. Kg4 Ke5 47.
Bb1 Kd5 48. Kf3 Kc4 49. Bc2 Kb4 50. Ke2 Ka3 51. Kd1 Kb4 52. Ke2 Kc4 53. Kf3 Kd4
54. Bb1 Kd5 55. Bc2 Ke5 56. Kg4 1/2-1/2

[Event "WYCC U16 Open 2013"]
[Site "Al-Ain UAE"]
[Date "2013.12.21"]
[Round "5.38"]
[White "Reshef, Omer"]
[Black "Sokac, Marko"]
[Result "1-0"]
[WhiteElo "2253"]
[BlackElo "2038"]
[WhiteFideId "2804336"]
[BlackFideId "14531356"]
[EventDate "2013.12.18"]

1. e4 d6 2. d4 Nf6 3. Nc3 c6 4. Nf3 Bg4 5. h3 Bh5 6. Bd3 Nbd7 7. g4 Bg6 8. e5
Nd5 9. Bxg6 hxg6 10. Nxd5 cxd5 11. e6 fxe6 12. Qd3 Nf6 13. Qxg6+ Kd7 14. Ng5 Rh6
15. Qd3 Qa5+ 16. Bd2 Qa6 17. Qf3 Rc8 18. c3 Nh7 19. Nxh7 Rxh7 20. a3 g6 21.
O-O-O Bg7 22. Kb1 Rhh8 23. Rhf1 Rhf8 24. Qg3 Rc6 25. f4 Rb6 26. Ka1 Rb3 27. Bc1
Rc8 28. Qd3 b5 29. Qxg6 Bf6 30. Qd3 Qa4 31. Qe2 b4 32. cxb4 Rxh3 33. g5 Rxc1+
34. Rxc1 Rxa3+ 35. bxa3 Qxa3+ 36. Kb1 1-0

[Event "WYCC U16 Open 2013"]
[Site "Al-Ain UAE"]
[Date "2013.12.21"]
[Round "5.39"]
[White "Jumanov, Elbek"]
[Black "Nuri, Murad"]
[Result "0-1"]
[WhiteElo "2019"]
[BlackElo "2250"]
[WhiteFideId "14202905"]
[BlackFideId "13404474"]
[EventDate "2013.12.18"]

1. Nf3 Nf6 2. c4 g6 3. g3 Bg7 4. Nc3 O-O 5. Bg2 c6 6. d4 d5 7. cxd5 cxd5 8. Ne5
e6 9. O-O Nfd7 10. Nxd7 Bxd7 11. b3 Qf6 12. e3 Rc8 13. Bb2 Nc6 14. Rc1 Qd8 15.
Qd2 Qa5 16. a3 Qd8 17. b4 Ne7 18. e4 dxe4 19. Nxe4 Nd5 20. Nd6 Rxc1 21. Rxc1 Bc6
22. Bxd5 Bxd5 23. Qf4 Qd7 24. Ne4 Bxe4 25. Qxe4 Rc8 26. Rxc8+ Qxc8 27. Kg2 f5
28. Qd3 Qc6+ 29. f3 b5 30. Kf2 Kf7 31. Qc3 Qxc3 32. Bxc3 Ke7 33. f4 h6 34. h4
Bf6 35. Ke3 g5 36. h5 Kd6 37. Kd3 gxf4 38. gxf4 Kd5 39. Bb2 Bh4 40. Bc3 Bf2 41.
Bb2 Be1 42. Bc1 a5 43. bxa5 Bxa5 44. Be3 Bc7 45. Bd2 Bd6 46. Bc1 Bf8 47. Bb2 Be7
48. Ke3 Bd6 49. Kf3 Bf8 50. Ke3 Kc4 51. Bc1 Bg7 52. Bb2 Kb3 53. Bc1 Kc3 54. Bd2+
Kc4 55. Bb4 Bxd4+ 56. Kf3 Bc5 57. Ba5 Bxa3 58. Bd8 Kd3 59. Bf6 Bf8 0-1

[Event "WYCC U16 Open 2013"]
[Site "Al-Ain UAE"]
[Date "2013.12.21"]
[Round "5.40"]
[White "Bezuidenhout, Roland"]
[Black "Kessler, Luca"]
[Result "1/2-1/2"]
[WhiteTitle "CM"]
[WhiteElo "2037"]
[BlackElo "2249"]
[WhiteFideId "14304562"]
[BlackFideId "1600087"]
[EventDate "2013.12.18"]

1. e4 d6 2. c4 Nf6 3. Nc3 c5 4. g3 b6 5. Bg2 Bb7 6. Nge2 e6 7. O-O a6 8. d3 Qc7
9. h3 Be7 10. f4 Nc6 11. Be3 h5 12. a3 Nd7 13. f5 h4 14. fxe6 fxe6 15. Nf4 Nf8
16. Qg4 Qd7 17. Ng6 Nxg6 18. Qxg6+ Kd8 19. Bf4 Kc7 20. Rab1 Bf6 21. Ne2 Raf8 22.
b4 Ne5 23. Bxe5 Bxe5 24. gxh4 Qe7 25. bxc5 bxc5 26. Qg5 Rxf1+ 27. Rxf1 Bf6 28.
Qd2 Be5 29. Nf4 Bxf4 30. Qxf4 Rxh4 31. Qf7 Kd7 32. Qg8 Qg5 33. Rf7+ Kc6 34. e5+
d5 35. Qxg7 Qxg7 36. Rxg7 Rd4 37. cxd5+ exd5 38. Re7 Bc8 39. Kh2 Bf5 40. Bf1 Rh4
41. Rf7 Be6 42. Re7 Bf5 43. Rf7 Be6 44. Re7 Rh6 45. Bg2 Kb5 46. Kg3 c4 47. dxc4+
dxc4 48. Rb7+ Kc5 49. Kf4 Bxh3 50. Bxh3 Rxh3 51. Re7 Kd4 52. Rd7+ Kc3 53. e6 Rh1
54. Ke5 Kb2 55. Rb7+ Kxa3 56. Kd4 Rh4+ 57. Kc3 Re4 58. Rb1 Ka4 59. Rb4+ Ka5 60.
Rxc4 Rxe6 61. Kb3 Re3+ 62. Rc3 Rxc3+ 63. Kxc3 Ka4 1/2-1/2

[Event "WYCC U16 Open 2013"]
[Site "Al-Ain UAE"]
[Date "2013.12.21"]
[Round "5.41"]
[White "Liu, Andrew"]
[Black "Kenes, Aldiyar"]
[Result "1/2-1/2"]
[WhiteElo "2236"]
[BlackElo "2026"]
[WhiteFideId "2071150"]
[BlackFideId "13707914"]
[EventDate "2013.12.18"]

1. d4 Nf6 2. c4 e6 3. Nc3 c5 4. d5 exd5 5. cxd5 d6 6. e4 g6 7. f3 Bg7 8. Nge2
Na6 9. Ng3 Nc7 10. a4 O-O 11. Be2 a6 12. O-O Bd7 13. Be3 Nfe8 14. Qd2 b5 15. f4
b4 16. Nd1 Nf6 17. h3 h5 18. Bf3 h4 19. Ne2 Rc8 20. Nf2 Na8 21. e5 Ne8 22. Rfc1
Qa5 23. Ne4 c4 24. Bd4 Nb6 25. Qe1 Bf5 26. Nd2 Bd3 27. Qxh4 dxe5 28. fxe5 Nxd5
29. Ng3 Qd8 30. Qxd8 Rxd8 31. Nxc4 Bh6 32. Bc5 Bxc1 33. Rxc1 Rc8 34. Bxf8 Rxc4
35. Rxc4 Bxc4 36. Bxd5 Bxd5 37. Bxb4 a5 38. Bxa5 Bb3 39. Bd8 Bxa4 40. Ne4 Ng7
41. Be7 Ne6 42. Nd6 Nd4 1/2-1/2

[Event "WYCC U16 Open 2013"]
[Site "Al-Ain UAE"]
[Date "2013.12.21"]
[Round "5.42"]
[White "Plotkin, Mark"]
[Black "Naoum, Spyridon"]
[Result "0-1"]
[WhiteElo "1992"]
[BlackElo "2183"]
[WhiteFideId "2611651"]
[BlackFideId "4227506"]
[EventDate "2013.12.18"]

1. e4 c5 2. c3 Nf6 3. e5 Nd5 4. d4 cxd4 5. Nf3 e6 6. cxd4 d6 7. Nc3 Nxc3 8. bxc3
Qc7 9. Bd2 Nd7 10. exd6 Bxd6 11. Bd3 b6 12. O-O Bb7 13. c4 O-O 14. h3 Bf4 15.
Bc3 Rac8 16. Nd2 Nf6 17. Re1 Rfd8 18. Qe2 Qc6 19. Nf3 Ba6 20. Ne5 Bxe5 21. dxe5
Bb7 22. f3 Nh5 23. Qc2 g6 24. Bb4 b5 25. Bd6 bxc4 26. Be4 Qb6+ 27. Qf2 Bxe4 28.
Rxe4 Ng3 29. Rae1 Nf5 30. Qxb6 axb6 31. Bb4 b5 32. Kf2 Nd4 33. Rc1 0-1

[Event "WYCC U16 Open 2013"]
[Site "Al-Ain UAE"]
[Date "2013.12.21"]
[Round "5.43"]
[White "Hu, Bryan"]
[Black "Malhotra, Tarun"]
[Result "1-0"]
[WhiteElo "2176"]
[BlackElo "1988"]
[WhiteFideId "2066327"]
[BlackFideId "5020549"]
[EventDate "2013.12.18"]

1. Nf3 d5 2. c4 c6 3. b3 Nf6 4. Bb2 Bf5 5. g3 e6 6. Bg2 Nbd7 7. O-O Bd6 8. d4
O-O 9. Nbd2 Qe7 10. Ne5 h6 11. h3 Rfd8 12. g4 Bh7 13. e3 Ne4 14. Nxe4 Bxe4 15.
Bxe4 dxe4 16. Qc2 f5 17. Kg2 Bxe5 1-0

[Event "WYCC U16 Open 2013"]
[Site "Al-Ain UAE"]
[Date "2013.12.21"]
[Round "5.44"]
[White "Bayramov, Elkhan Khayyat"]
[Black "Valkama, Eero"]
[Result "0-1"]
[WhiteElo "2173"]
[BlackElo "1960"]
[WhiteFideId "13400525"]
[BlackFideId "507555"]
[EventDate "2013.12.18"]

1. Nc3 Nf6 2. e4 e5 3. Nf3 Nc6 4. Bb5 Bb4 5. O-O O-O 6. Nd5 Nxd5 7. exd5 e4 8.
dxc6 exf3 9. Qxf3 dxc6 10. Bd3 Qh4 11. Re1 Bd6 12. h3 Be6 13. c4 Bxc4 14. Re4
Rae8 15. g3 Rxe4 16. Bxe4 Qxh3 17. b3 f5 18. Bb2 fxe4 19. Qc3 Qg4 20. Qxc4+ Kh8
21. Qd4 c5 22. Qd5 Qf3 23. Rf1 Bxg3 24. Qxc5 Rf5 25. Qxf5 Bh2+ 26. Kxh2 Qxf5 27.
Bd4 Qf4+ 28. Kg2 Qxd2 29. Be3 Qxa2 30. Rd1 h5 31. b4 Qe6 32. Rc1 h4 33. Rc5 Kg8
34. Kh2 b6 35. Rc1 Qe5+ 36. Kh3 g5 37. Kg4 Qe7 38. Bxg5 Qxb4 39. Kh5 Qd6 40.
Bxh4 c5 41. Bg3 Qd5+ 42. Kg4 Qe6+ 43. Kg5 Kg7 44. Rd1 Qf6+ 0-1

[Event "WYCC U16 Open 2013"]
[Site "Al-Ain UAE"]
[Date "2013.12.21"]
[Round "5.45"]
[White "Sibashvili, Giorgi"]
[Black "Kalra, Agastya"]
[Result "1-0"]
[WhiteElo "2173"]
[BlackElo "1956"]
[WhiteFideId "13602799"]
[BlackFideId "2604744"]
[EventDate "2013.12.18"]

1. Nf3 Nf6 2. g3 d5 3. c4 c5 4. Bg2 Nc6 5. O-O e5 6. cxd5 Nxd5 7. Nc3 Nc7 8. d3
Be7 9. Nd2 O-O 10. Nc4 Bd7 11. Bxc6 Bxc6 12. Nxe5 Be8 13. Be3 Nd5 14. Qb3 Nxe3
15. fxe3 Bd6 16. Nc4 Bc6 17. Nxd6 Qxd6 18. Rf2 Rae8 19. e4 Qd4 20. Rf1 a6 21.
Nd1 Re6 22. Qc3 Qxc3 23. bxc3 c4 24. Nb2 b5 25. Rf5 g6 26. Rf6 Bd7 27. a3 Kg7
28. Rxe6 Bxe6 29. Kf2 cxd3 30. exd3 Rc8 31. Rc1 Kf6 32. Ke3 g5 33. d4 h5 34. d5
Bh3 35. Kd4 Ke7 36. a4 h4 37. axb5 axb5 38. Ra1 hxg3 39. hxg3 f6 40. Rh1 g4 41.
Ra1 Bg2 42. Ra7+ Kf8 43. Rh7 Re8 44. Rh8+ Kf7 45. Rxe8 Kxe8 46. Nd3 Ke7 47. Nf2
Bf3 48. Kc5 Be2 49. Kc6 Kd8 50. d6 Kc8 51. d7+ Kd8 52. Kd6 Bf3 53. Nd3 Bxe4 54.
Nc5 1-0

[Event "WYCC U16 Open 2013"]
[Site "Al-Ain UAE"]
[Date "2013.12.21"]
[Round "5.46"]
[White "Mezhlumyan, Marat"]
[Black "Pomini, Aurelien"]
[Result "1/2-1/2"]
[WhiteElo "1927"]
[BlackElo "2165"]
[WhiteFideId "13302973"]
[BlackFideId "1320831"]
[EventDate "2013.12.18"]

1. e4 e5 2. Nf3 Nc6 3. Bc4 Nf6 4. d3 Bc5 5. c3 d6 6. h3 Bb6 7. Nbd2 O-O 8. O-O
Ne7 9. Re1 Ng6 10. Nf1 Nh5 11. Nxe5 1/2-1/2

[Event "WYCC U16 Open 2013"]
[Site "Al-Ain UAE"]
[Date "2013.12.21"]
[Round "5.47"]
[White "Daskalov, Dimitar"]
[Black "Dixit, Kumar"]
[Result "0-1"]
[WhiteElo "2156"]
[BlackElo "1951"]
[WhiteFideId "2902800"]
[BlackFideId "421103"]
[EventDate "2013.12.18"]

1. e4 c6 2. Nc3 d5 3. Nf3 Bg4 4. h3 Bh5 5. exd5 cxd5 6. Bb5+ Nc6 7. g4 Bg6 8.
Ne5 Rc8 9. d4 e6 10. h4 f6 11. Nxg6 hxg6 12. Qd3 Kf7 13. Bxc6 Rxc6 14. Bd2 Bb4
15. O-O-O Ne7 16. Rde1 Qa5 17. Kb1 Ra6 18. f4 Bxc3 19. Bxc3 Qxa2+ 20. Kc1 Qc4
21. Qe3 Rc8 22. Kd2 b5 23. b3 Qc7 24. b4 Rc6 25. Rh3 Qd6 26. Qf2 a5 27. Rb1 axb4
28. Bxb4 Rxc2+ 29. Kd1 Rxf2 30. Bxd6 Rf1+ 0-1

[Event "WYCC U16 Open 2013"]
[Site "Al-Ain UAE"]
[Date "2013.12.21"]
[Round "5.48"]
[White "Rydstrom, Tom"]
[Black "Shavdirov, Jahongir"]
[Result "1-0"]
[WhiteElo "2156"]
[BlackElo "1922"]
[WhiteFideId "1714830"]
[BlackFideId "14204193"]
[EventDate "2013.12.18"]

1. e4 c5 2. Nf3 e6 3. d4 cxd4 4. Nxd4 Nf6 5. Nc3 Nc6 6. Ndb5 Bb4 7. Bf4 Nxe4 8.
Nc7+ Kf8 9. Qf3 Qf6 10. a3 Ba5 11. Nxa8 Nxc3 12. Bd6+ Kg8 13. Qxf6 gxf6 14. Bc7
Bxc7 15. Nxc7 Ne4 16. f3 Nc5 17. Nb5 f5 18. Nd6 Kg7 19. Rd1 Na4 20. Bb5 Nb6 21.
Kf2 Kf6 22. Rd2 Ke7 23. Re1 Kf6 24. Red1 a6 25. Be2 Rd8 26. f4 Nd5 27. g3 b5 28.
c4 bxc4 29. Bxc4 Nb6 30. Be2 a5 31. Bb5 Nb8 32. Nxc8 Rxc8 33. Rd6 Rc2+ 34. Kg1
Nc6 35. R1d2 Rc5 36. Be2 Ke7 37. R6d3 d5 38. Rc3 Kd6 39. Rb3 Nd7 40. Rb7 f6 41.
Kf2 Nd8 42. Ra7 e5 43. b4 Rc3 44. Rxa5 d4 45. Bb5 Nc6 46. Bxc6 Rxc6 47. a4 Rc1
48. Rb2 Rh1 49. Kg2 1-0

[Event "WYCC U16 Open 2013"]
[Site "Al-Ain UAE"]
[Date "2013.12.21"]
[Round "5.49"]
[White "Machan, Jan"]
[Black "Ouaret, Abdelouhab"]
[Result "1-0"]
[BlackTitle "FM"]
[WhiteElo "2147"]
[BlackElo "1868"]
[WhiteFideId "334774"]
[BlackFideId "7903944"]
[EventDate "2013.12.18"]

1. d4 d5 2. c4 c6 3. Nc3 Nf6 4. Nf3 e6 5. Bg5 Be7 6. e3 Nbd7 7. Qc2 b6 8. cxd5
exd5 9. Bd3 O-O 10. O-O Bb7 11. Rfd1 Re8 12. Rac1 Nf8 13. Ne5 N6d7 14. Bxe7 Qxe7
15. Nxd7 Qxd7 16. Ne2 Ng6 1-0

[Event "WYCC U16 Open 2013"]
[Site "Al-Ain UAE"]
[Date "2013.12.21"]
[Round "5.50"]
[White "Hui, Jeremy"]
[Black "Foo, William J"]
[Result "1-0"]
[WhiteElo "1914"]
[BlackElo "2144"]
[WhiteFideId "2608987"]
[BlackFideId "419753"]
[EventDate "2013.12.18"]

1. e4 c5 2. Nf3 Nc6 3. Bb5 g6 4. Bxc6 dxc6 5. d3 Bg7 6. h3 e5 7. Nc3 Ne7 8. O-O
h6 9. a3 Qd6 10. Be3 O-O 11. Na4 b6 12. b4 cxb4 13. axb4 Be6 14. Qd2 Kh7 15. c4
Qc7 16. Ra3 f5 17. Qc2 f4 18. Bd2 g5 19. Rfa1 Qb7 20. Bc3 Ng6 21. Qb2 Qc7 22. b5
Rad8 23. Bd2 Rf7 24. c5 cxb5 25. cxb6 axb6 26. Qxb5 Bd7 27. Qxb6 Bxa4 28. Qxc7
Rxc7 29. Ba5 Rcd7 30. Bxd8 Bb5 31. Bb6 Bxd3 32. Rd1 Bb5 33. Rxd7 Bxd7 34. Ra7
Bc6 35. Bc5 1-0

[Event "WYCC U16 Open 2013"]
[Site "Al-Ain UAE"]
[Date "2013.12.21"]
[Round "5.51"]
[White "Cortes Orihuela, Javier"]
[Black "Kwon, Sehyun"]
[Result "0-1"]
[WhiteElo "2131"]
[BlackElo "1706"]
[WhiteFideId "3414329"]
[BlackFideId "13203088"]
[EventDate "2013.12.18"]

1. d4 Nf6 2. c4 g6 3. Nc3 d5 4. Nf3 Bg7 5. Qb3 dxc4 6. Qxc4 O-O 7. e4 b6 8. Bf4
Ne8 9. Qa4 Bb7 10. Be2 Nd6 11. e5 Ne4 12. O-O Nxc3 13. bxc3 e6 14. Rfd1 Nc6 15.
c4 Qe8 16. Qc2 Nb4 17. Qb2 c5 18. dxc5 bxc5 19. a3 Bxf3 20. Bxf3 Nc6 21. Qb7 Rc8
22. Bxc6 Qxc6 23. Qxc6 Rxc6 24. Rd7 Ra6 25. Rc7 Ra5 0-1

[Event "WYCC U16 Open 2013"]
[Site "Al-Ain UAE"]
[Date "2013.12.21"]
[Round "5.52"]
[White "Ahmed, Fareed"]
[Black "Sosovicka, Matej"]
[Result "0-1"]
[WhiteElo "1766"]
[BlackElo "2098"]
[WhiteFideId "9303677"]
[BlackFideId "14916770"]
[EventDate "2013.12.18"]

1. e4 e5 2. Nf3 Nc6 3. Bb5 a6 4. Bxc6 dxc6 5. O-O f6 6. d4 Bg4 7. dxe5 Qxd1 8.
Rxd1 fxe5 9. h3 Bxf3 10. gxf3 Bd6 11. Nd2 b5 12. f4 exf4 13. Nf3 Ne7 14. e5 Bc5
15. Ng5 Bb6 16. Bxf4 Nd5 17. Bg3 O-O 18. Rd2 Rae8 19. h4 Nf4 20. Kh2 h6 21. Nh3
Ne6 22. c3 g5 23. hxg5 hxg5 24. Rg1 Kh7 25. Rd7+ Kh6 26. Rh1 Kg6 27. Rg1 g4 28.
Bf4 Kf5 29. Bh6 Rh8 30. Rf7+ Ke4 31. Re1+ Kd5 32. Rd1+ Kc4 33. Rfd7 Rxh6 34. Rc1
Rxh3+ 35. Kg2 Nf4+ 0-1

[Event "WYCC U16 Open 2013"]
[Site "Al-Ain UAE"]
[Date "2013.12.21"]
[Round "5.53"]
[White "Valenzuela Martinez, Hermes"]
[Black "Percivaldi, Martin"]
[Result "0-1"]
[WhiteTitle "CM"]
[WhiteElo "1867"]
[BlackElo "2169"]
[WhiteFideId "5111919"]
[BlackFideId "1508148"]
[EventDate "2013.12.18"]

1. e4 e6 2. d3 d5 3. Nd2 c5 4. Ngf3 Nc6 5. g3 g6 6. Bg2 Bg7 7. exd5 exd5 8. O-O
Nge7 9. Nb3 b6 10. c3 O-O 11. Re1 Bf5 12. Bf4 Rc8 13. d4 c4 14. Nbd2 b5 15. Ne5
b4 16. g4 Be6 17. Nxc6 Nxc6 18. h3 Qa5 19. Qc2 Rfe8 20. Nf1 Qb5 21. Ne3 Red8 22.
Rad1 a5 23. Qe2 h6 24. Rd2 a4 25. Rdd1 Qa5 26. Qd2 a3 27. cxb4 Qxb4 28. Nc2 Qxd2
29. Rxd2 axb2 30. Rb1 c3 31. Rd3 g5 32. Bg3 Nxd4 0-1